Plánovanie a realizácie kariérneho plánu manažérov v malom alebo strednom podniku bakalárska práca

Guardado en:
Detalles Bibliográficos
Autor principal: Görözdi, András
Autor Corporativo: Fakulta podnikového manažmentu EU. Katedra manažmentu
Otros Autores: Čambalíková, Andrea, 1990-
Formato: Libro
Lenguaje:eslovaco
Publicado: Bratislava 2017
Etiquetas: Agregar Etiqueta
Sin Etiquetas, Sea el primero en etiquetar este registro!

MARC

LEADER 00000nbm a2200000 4500
001 0232655
005 20171215130059.1
041 0 |a slo 
044 |a SK 
245 1 0 |a Plánovanie a realizácie kariérneho plánu manažérov v malom alebo strednom podniku  |b bakalárska práca  |c András Görözdi ; školiteľ: Andrea Čambalíková 
264 1 |a Bratislava  |c 2017 
300 |a 55 s. 
100 1 |a Görözdi, András 
700 1 |a Čambalíková, Andrea, 1990- 
710 2 |a Fakulta podnikového manažmentu EU. Katedra manažmentu